[Event "SVK-ch 65"]
[Site "Tatranske Matliare"]
[Date "2019.05.26"]
[Round "2"]
[White "Petran, Peter"]
[Black "Rakay, Kvetoslav"]
[Result "1-0"]
[WhiteElo "2243"]
[BlackElo "1871"]
[PlyCount "81"]
[EventDate "2019.05.25"]
[EventType "swiss"]
[EventRounds "9"]
[EventCountry "SVK"]
[SourceTitle "CBM 190 Extra"]
[Source "ChessBase"]
[SourceDate "2019.07.15"]
[SourceVersion "1"]
[SourceVersionDate "2019.07.15"]
[SourceQuality "1"]

1. g3 g6 2. Bg2 Bg7 3. d4 Nf6 4. e4 d6 5. Nc3 0-0 6. Nge2 c5 7. dxc5 dxc5 8. Be3 Nbd7 9. h3 Rb8 10. a4 b6 11. 0-0 a6 12. f4 e5 13. f5 Bb7 14. g4 Ne8 15. Ng3 f6 16. h4 Nc7 17. Rf2 Qe7 18. Nd5 Bxd5 19. exd5 Ne8 20. fxg6 hxg6 21. h5 f5 22. gxf5 Qh4 23. Ne4 gxf5 24. Bg5 Qg4 25. Qxg4 fxg4 26. c4 Rxf2 27. Kxf2 Ndf6 28. h6 Nxe4+ 29. Bxe4 Bf6 30. Bxf6 Nxf6 31. Bf5 Ne8 32. Bxg4 Kh7 33. Rh1 Nd6 34. b3 Rf8+ 35. Ke3 Rf6 36. Rh5 e4 37. Rh1 Rxh6 38. Rxh6+ Kxh6 39. Kf4 e3 40. Ke5 Kg5 41. Bd1 1-0